【共通テスト化学】有機物質の用途 - Statistics

General Stats
  • This quiz has been taken 29 times
  • The average score is 8 of 15
Answer Stats
Hint Answer % Correct
エタノール 酒,消毒
100%
プロパン プロパンガス
90%
酢酸 食酢
90%
メタン 都市ガス
80%
2,4,6-トリニトロトルエン TNT爆薬
60%
ホルムアルデヒド ホルマリン
55%
2,4,6ートリニトロフェノール 爆薬,黄色染料(昔)
55%
エチレングリコール 不凍液
50%
アセチルサリチル酸 アスピリン,解熱鎮痛剤
50%
アニリン 合成染料
45%
酢酸エチル プラモ用接着剤,バナナ芳香剤
35%
サリチル酸メチル 湿布薬
30%
グリセリン 化粧水
25%
アセトン マニキュア除光液
25%
ジエチルエーテル 麻酔薬(昔)
20%
No matching quizzes found
Score Distribution
Percent of People with Each Score
Percentile by Number Answered
Your Score History
You have not taken this quiz